Bajo las bombas prusianas (Record no. 68635)

MARC details
000 -LEADER
campo de control de longitud fija 00601nam a22001935i 4500
001 - NÚMERO DE CONTROL
campo de control 68635
003 - IDENTIFICADOR DE NÚMERO DE CONTROL
campo de control ES-MaACL
005 - FECHA Y HORA DE LA ÚLTIMA TRANSACCIÓN
campo de control 20250805064135.0
007 - CAMPO FIJO DE DESCRIPCIÓN FÍSICA--INFORMACIÓN GENERAL
campo de control de longitud fija t|
008 - DATOS DE LONGITUD FIJA--INFORMACIÓN GENERAL
campo de control de longitud fija 960811q18401898sp ||||1| spa d
040 ## - FUENTE DE CATALOGACIÓN
Centro catalogador/agencia de origen CAM
Lengua de catalogación spa
Centro/agencia transcriptor CAM
100 1# - ENTRADA PRINCIPAL--NOMBRE DE PERSONA
Nombre de persona Gautier, Théophile,
Fechas asociadas al nombre 1811-1872
9 (RLIN) 170960
245 10 - MENCIÓN DEL TÍTULO
Título Bajo las bombas prusianas
Resto del título : París sitiado /
Mención de responsabilidad, etc. por Teófilo Gautier.
260 ## - PUBLICACIÓN, DISTRIBUCIÓN, ETC.
Lugar de publicación, distribución, etc. Madrid :
Nombre del editor, distribuidor, etc. La España Moderna,
Fecha de publicación, distribución, etc. [18--] (
Fabricante Avrial)
300 ## - DESCRIPCIÓN FÍSICA
Extensión 301, [1] p. ;
Dimensiones 17 cm.
500 ## - NOTA GENERAL
Nota general El impresor trabaja entre 1840 y 1898.
852 ## - LOCALIZACIÓN
Ubicación ES-MaACL
Número de control de estantería A-4713
Holdings
Estatus retirado Estado de pérdida Estado de daño No para préstamo Biblioteca de origen Biblioteca actual Ubicación en estantería Fecha de adquisición Fuente de adquisición Total de préstamos Signatura topográfica completa Código de barras Visto por última vez Precio de reemplazo Tipo de ítem Koha
        Biblioteca del Ateneo de Madrid Biblioteca del Ateneo de Madrid Sala Pecera Planta 1 17/01/2008     A-4713 1071856 23/02/2023 23/02/2023 Libro impreso antiguo